Every Country To Have Won A Winter Olympics - Statistics

General Stats
  • This quiz has been taken 108 times
  • The average score is 7 of 8
Answer Stats
# Year(s) Country % Correct
11 1924, 1928, 1936, 1948, 1952, 1968, 2002, 2014, 2018, 2022, 2026 Norway
100%
1 1948 Sweden
99%
1 1932 United States
97%
1 2010 Canada
91%
3 1992, 1998, 2006 Germany
88%
7 1956, 1960, 1964, 1972, 1976, 1980, 1988 Soviet Union / Unified Team
88%
1 1994 Russia
85%
1 1984 East Germany
67%
No matching quizzes found
Score Distribution
Percent of People with Each Score
Percentile by Number Answered
Your Score History
You have not taken this quiz